Thư tịch báo chí Việt Nam

Đã lưu trong:
書目詳細資料
主要作者: Tô, Huy Rứa
格式: 圖書
語言:Undetermined
出版: Hà Nội Chính trị Quốc gia 1998
主題:
標簽: 添加標簽
沒有標簽, 成為第一個標記此記錄!
Thư viện lưu trữ: Trung tâm Học liệu Trường Đại học Cần Thơ
LEADER 00542nam a2200205Ia 4500
001 CTU_50067
008 210402s9999 xx 000 0 und d
020 |c 53500 
082 |a 070.025 
082 |b R551 
100 |a Tô, Huy Rứa 
245 0 |a Thư tịch báo chí Việt Nam 
245 0 |c Tô Huy Rứa 
260 |a Hà Nội 
260 |b Chính trị Quốc gia 
260 |c 1998 
650 |a Press 
650 |x Bibliography 
904 |i Huynh Mai 
980 |a Trung tâm Học liệu Trường Đại học Cần Thơ